| 000 | 00668nam a22001577a 4500 | ||
|---|---|---|---|
| 003 | OSt | ||
| 005 | 20151203092416.0 | ||
| 008 | 151203b xxu||||| |||| 00| 0 eng d | ||
| 040 | _cRUA | ||
| 082 | _aFIS VAN 2005 B176 Or.1 | ||
| 100 |
_94182 _aVAN, SAN. |
||
| 245 | _asemi-articial breeding of trichogaster pectoralis from different generation of brodders (ការផលិតកូនត្រីកន្ធរតាមបែបពាក់កណ្តាលសិប្បនិម្មិតដោយមេពូជនៅជំនាន់ខុសៗគ្នា) | ||
| 260 |
_aPhnom Penh _bRUA _c2005 |
||
| 300 |
_aviii, 43p. _bill. _c29cm. |
||
| 942 |
_2ddc _cFIS |
||
| 999 |
_c3896 _d3896 |
||